Statistiques concernant Harry Potter: l'Armée de Dumbledore

Cliquez ici pour prendre le quiz!

Statistiques générales

  • Ce quiz a été pris 378 fois
  • Le résultat moyen est 30 sur 47

Statistiques - réponses

InformationRéponses% Correct
MembreHarry Potter
100%
Fondateur et professeurHarry Potter
100%
FondatriceHermione Granger
99%
MembreHermione Granger
99%
FondateurRon Weasley
98%
MembreRon Weasley
98%
Membre et leader en 1997Neville Londubat
94%
Personne qui a trouvé le nomGinny Weasley
91%
Membre et leader en 1997Ginny Weasley
91%
Membre et leader en 1997Luna Lovegood
91%
Quartier généralSalle sur Demande
91%
MembreCho Chang
90%
Première apparitionHarry Potter et l'Ordre du Phenix
89%
EnnemieDolores Ombrage
88%
Dernière apparitionHarry Potter et les Reliques de la Mort
87%
MembreFred Weasley
85%
MembreGeorge Weasley
85%
MembreDean Thomas
76%
MembreSeamus Finnigan
76%
Année de fondation1995
75%
Sortilège apprisSortilège du Patronus
72%
MembreColin Crivey
67%
MembrePadma Patil
67%
MembreParvati Patil
67%
EnnemiArgus Rusard
65%
Lieu de la première réunionLa Tête de Sanglier
64%
EnnemiVoldemort
61%
MembreKatie Bell
55%
MembreLee Jordan
54%
MembreAngelina Johnson
53%
MembreLavande Brown
53%
Sortilège apprisSortilège de désarmement
53%
MembreDennis Crivey
51%
MembreHannah Abbot
48%
MembreErnie Macmlillan
46%
MembreJustin Finch-Fletchley
42%
MembreAlicia Spinnet
39%
EnnemisMangemorts
39%
MembreMarietta Edgecombe
39%
MembreZacharias Smith
38%
MembreMichael Corner
37%
MembreSusan Bones
32%
MembreAnthony Goldstein
27%
MembreTerry Bott
24%
EnnemisBrigade Inquisitoriale
23%
EnnemisMinistere de la Magie
17%
Autre nom proposéAssociation de Défense
15%

Distribution des résultats

Percentile par nombre de réponses

% des personnes avec chaque résultat

Votre développement - résultats

Vous n’avez pas pris ce quiz